| 000 | 00397 a2200133 4500 | ||
|---|---|---|---|
| 020 | _a9789693523621 | ||
| 082 |
_a891.4393 _bYAH |
||
| 100 |
_aBaba, Muhammad Yahya Khan _924098 |
||
| 245 |
_aShab Deeda _cBaba, Muhammad Yahya Khan |
||
| 260 |
_aLahore _bSang-e-Meel Publications _c2011 |
||
| 300 |
_a882 p. _c25 cm. |
||
| 650 |
_a1. Urdu Literature-Short Stories _93597 |
||
| 942 |
_cBK _k891.4393 BAB _2ddc |
||
| 999 |
_c10964 _d10964 |
||